000 00615nam a22001937a 4500
005 20140505124523.0
010 _aB-505570
020 _a9788125045113
_c375.00
035 _aB-505570
037 _adpl
_bBSB/Ven
082 _a882
100 _aRamu, Ramanathan
245 _a3, Sakina Manzil and Other Plays/
_cby Ramu Ramanathan
260 _aHyderabad
_bOrient Blackswan
_c2012
270 _a3-6-752 Himayatnagar,
_bHyderbad
_e500029
300 _a380p.
_c21cm(pbk)
942 _2ddc
_cEN
_h882
_mRAM
999 _c83959
_d83959